[Event "Shanghai COITCT 2019"]
[Site "Shanghai"]
[Date "2019.09.17"]
[Round "7.3"]
[White "Baymuratova, Sevara"]
[Black "Antonova, Nadezhda"]
[Result "0-1"]
[WhiteElo "2126"]
[BlackElo "1930"]
[Annotator "NA"]
[PlyCount "88"]
[EventDate "2019.09.15"]
[EventType "team-tourn"]
[EventCountry "CHN"]
[SourceTitle "playchess.com"]
[Source "ChessBase"]
[SourceQuality "1"]
[TimeControl "1500+10"]

1. d4 {[%emt 0:00:00]} Nf6 {[%emt 0:00:00]} 2. c4 {[%emt 0:00:03]} e6 {[%emt 0:00:00]} 3. Nf3 {[%emt 0:00:07]} b6 {[%emt 0:00:18]} 4. g3 {[%emt 0:00:03]} Bb7 {[%emt 0:00:03]} 5. Bg2 {[%emt 0:00:02]} Be7 {[%emt 0:00:14]} 6. O-O {[%emt 0:00:02]} O-O {[%emt 0:00:04]} 7. Nc3 {[%emt 0:01:14]} Ne4 {[%emt 0:00:48]} 8. Qc2 {[%emt 0:01:02]} Nxc3 {[%emt 0:01:09]} 9. Qxc3 {[%emt 0:00:06]} c5 {[%emt 0:00:13]} 10. Rd1 {[%emt 0:04:08]} Bf6 {[%emt 0:00:22]} 11. Qc2 {[%emt 0:00:45]} Qc8 {[%emt 0:05:37]} 12. d5 {[%emt 0:00:45]} e5 {[%emt 0:03:38]} 13. Bh3 {[%emt 0:03:59]} Qd8 {[%emt 0:01:01]} 14. e4 {[%emt 0:01:54]} d6 {[%emt 0:00:35]} 15. Be3 {[%emt 0:00:11]} Na6 {[%emt 0:00:40]} 16. Qe2 {[%emt 0:01:21]} Nc7 {[%emt 0:00:58]} 17. Bg2 {[%emt 0:00:17]} Bc8 {[%emt 0:00:43]} 18. Nd2 {[%emt 0:01:04]} Bd7 {[%emt 0:00:54]} 19. a4 {[%emt 0:00:28]} a6 {[%emt 0:01:25]} 20. b4 {[%emt 0:00:52]} a5 {[%emt 0:03:14]} 21. b5 {[%emt 0:00:58]} g6 {[%emt 0:00:10]} 22. Kh1 {[%emt 0:00:04]} Bg7 {[%emt 0:01:00]} 23. Ra3 {[%emt 0:00:30]} Qe7 {[%emt 0:00:35]} 24. f4 {[%emt 0:01:45]} Rae8 {[%emt 0:00:24]} 25. Rf1 {[%emt 0:01:49]} exf4 {[%emt 0:01:24]} 26. gxf4 {[%emt 0:00:04]} f5 {[%emt 0:00:17]} 27. e5 {[%emt 0:02:33]} dxe5 {[%emt 0:00:24]} 28. fxe5 {[%emt 0:00:02]} Bxe5 {[%emt 0:00:09]} 29. Bg1 {[%emt 0:00:42]} Bd6 {[%emt 0:00:48]} 30. Re3 {[%emt 0:00:10]} Qg7 {[%emt 0:01:13]} 31. Nf3 {[%emt 0:00:37]} f4 {[%emt 0:00:22]} 32. Rxe8 {[%emt 0:00:08]} Rxe8 {[%emt 0:00:02]} 33. Qd2 {[%emt 0:00:13]} g5 {[%emt 0:00:38]} 34. Re1 {[%emt 0:00:37]} g4 {[%emt 0:00:08]} 35. Rxe8+ Nxe8 {[%emt 0:00:01]} 36. Ne1 {[%emt 0:01:00]} f3 {[%emt 0:00:25]} 37. Bf1 {[%emt 0:00:09]} Nf6 {[%emt 0:00:25]} 38. Bd3 {[%emt 0:00:12]} Nh5 {[%emt 0:00:17]} 39. Bf2 {[%emt 0:00:13]} g3 {[%emt 0:00:20]} 40. hxg3 {[%emt 0:00:02]} Nxg3+ {[%emt 0:00:00]} 41. Bxg3 {[%emt 0:00:30]} Qxg3 {[%emt 0:00:03]} 42. Nxf3 {[%emt 0:01:03]} Qxf3+ {[%emt 0:00:07]} 43. Qg2+ {[%emt 0:00:01]} Bg4 {[%emt 0:00:38]} 44. Be4 {[%emt 0:00:23]} Qxg2+ {[%emt 0:00:04]} 0-1

[Event "Shanghai COITCT 2019"]
[Site "Shanghai"]
[Date "2019.09.17"]
[Round "7.4"]
[White "Xu, Yinglun"]
[Black "Venkatesh, M.R."]
[Result "0-1"]
[WhiteElo "2565"]
[BlackElo "2481"]
[Annotator "ChessBase"]
[PlyCount "90"]
[EventDate "2019.09.15"]
[EventType "team-tourn"]
[EventCountry "CHN"]
[SourceTitle "playchess.com"]
[Source "ChessBase"]
[SourceQuality "1"]
[TimeControl "1500+10"]

1. Nf3 {[%emt 0:00:00]} Nf6 {[%emt 0:00:00]} 2. c4 {[%emt 0:00:00]} e6 {[%emt 0:00:05]} 3. Nc3 {[%emt 0:00:00]} Bb4 {[%emt 0:00:33]} 4. d4 {[%emt 0:00:25]} b6 {[%emt 0:00:21]} 5. e3 {[%emt 0:00:34]} Bb7 {[%emt 0:00:03]} 6. Bd3 {[%emt 0:00:14]} Ne4 {[%emt 0:00:25]} 7. Qc2 {[%emt 0:00:35]} f5 {[%emt 0:00:02]} 8. O-O {[%emt 0:00:38]} Bxc3 {[%emt 0:00:11]} 9. bxc3 {[%emt 0:00:02]} O-O {[%emt 0:00:03]} 10. Ne1 {[%emt 0:01:13]} Ng5 {[%emt 0:04:22]} 11. f3 {[%emt 0:01:23]} Nc6 {[%emt 0:00:17]} 12. Rb1 {[%emt 0:04:45]} Rb8 {[%emt 0:01:58]} 13. g3 {[%emt 0:02:29]} Na5 {[%emt 0:01:13]} 14. Qe2 {[%emt 0:01:04]} c5 {[%emt 0:02:22]} 15. Bd2 {[%emt 0:04:12]} Rc8 {[%emt 0:03:00]} 16. h4 {[%emt 0:02:33]} Nf7 {[%emt 0:00:04]} 17. e4 {[%emt 0:00:02]} Re8 {[%emt 0:02:36]} 18. Kh2 {[%emt 0:03:10]} Ba6 {[%emt 0:00:42]} 19. d5 {[%emt 0:01:22]} Ne5 {[%emt 0:00:27]} 20. Bg5 {[%emt 0:00:07]} Qc7 {[%emt 0:01:18]} 21. Bf4 {[%emt 0:00:01]} exd5 {[%emt 0:00:53]} 22. cxd5 {[%emt 0:00:13]} c4 {[%emt 0:00:02]} 23. Bc2 {[%emt 0:00:09]} d6 {[%emt 0:00:01]} 24. Ba4 {[%emt 0:01:20]} Re7 {[%emt 0:01:02]} 25. Bg5 {[%emt 0:00:22]} Rf7 {[%emt 0:00:01]} 26. exf5 {[%emt 0:00:18]} Nb7 {[%emt 0:00:44]} 27. Bc2 {[%emt 0:00:38]} Re8 {[%emt 0:00:07]} 28. f4 {[%emt 0:00:25]} h6 {[%emt 0:02:35]} 29. fxe5 {[%emt 0:00:02]} Rxe5 {[%emt 0:00:05]} 30. Be3 {[%emt 0:00:17]} Qe7 {[%emt 0:00:02]} 31. Ng2 {[%emt 0:00:05]} Nc5 {[%emt 0:00:01]} 32. Qd2 {[%emt 0:00:37]} Nd3 {[%emt 0:00:11]} 33. Bxd3 {[%emt 0:00:20]} cxd3 {[%emt 0:00:01]} 34. Rbe1 {[%emt 0:00:10]} Rfxf5 {[%emt 0:00:38]} 35. Rxf5 Rxf5 {[%emt 0:00:01]} 36. Bxh6 {[%emt 0:00:34]} Qf7 {[%emt 0:00:04]} 37. Bf4 {[%emt 0:00:02]} Rxd5 {[%emt 0:00:00]} 38. Re4 {[%emt 0:00:32]} Bb7 {[%emt 0:01:30]} 39. Ra4 {[%emt 0:00:21]} a5 {[%emt 0:00:34]} 40. Ne3 {[%emt 0:00:07]} Rb5 {[%emt 0:00:01]} 41. Qxd3 {[%emt 0:00:11]} Rb2+ {[%emt 0:00:03]} 42. Kg1 {[%emt 0:00:01]} Qd7 {[%emt 0:00:18]} 43. Re4 {[%emt 0:00:19]} Qh3 {[%emt 0:00:36]} 44. Nc2 {[%emt 0:00:10]} Rb1+ {[%emt 0:00:36]} 45. Ne1 {[%emt 0:00:04]} Rxe1+ {[%emt 0:00:03]} 0-1

[Event "Shanghai COITCT 2019"]
[Site "Shanghai"]
[Date "2019.09.17"]
[Round "7.5"]
[White "Krishna C R G"]
[Black "Bai, Jinshi"]
[Result "0-1"]
[WhiteElo "2446"]
[BlackElo "2591"]
[Annotator "ChessBase"]
[PlyCount "84"]
[EventDate "2019.09.15"]
[EventType "team-tourn"]
[EventCountry "CHN"]
[SourceTitle "playchess.com"]
[Source "ChessBase"]
[SourceQuality "1"]
[TimeControl "1500+10"]

1. Nf3 {[%emt 0:00:00]} Nf6 {[%emt 0:00:07]} 2. d4 {[%emt 0:00:00]} g6 {[%emt 0:00:03]} 3. Nc3 {[%emt 0:00:00]} d5 {[%emt 0:00:02]} 4. Bf4 {[%emt 0:00:00]} Bg7 {[%emt 0:00:04]} 5. e3 {[%emt 0:00:00]} O-O {[%emt 0:00:03]} 6. Be2 {[%emt 0:00:01]} c5 {[%emt 0:00:04]} 7. dxc5 {[%emt 0:00:02]} Nbd7 {[%emt 0:00:02]} 8. O-O {[%emt 0:00:03]} Nxc5 {[%emt 0:00:03]} 9. Be5 {[%emt 0:00:01]} b6 {[%emt 0:00:21]} 10. a4 {[%emt 0:00:02]} Bb7 {[%emt 0:00:01]} 11. Bd4 {[%emt 0:00:48]} Ne6 {[%emt 0:00:14]} 12. Be5 {[%emt 0:00:01]} Nc5 {[%emt 0:00:20]} 13. Ra3 {[%emt 0:00:10]} Ncd7 {[%emt 0:00:34]} 14. Bd4 {[%emt 0:00:32]} Qb8 {[%emt 0:02:12]} 15. Na2 {[%emt 0:00:02]} e5 {[%emt 0:00:08]} 16. Bc3 {[%emt 0:00:01]} a6 {[%emt 0:01:45]} 17. a5 {[%emt 0:00:01]} b5 {[%emt 0:00:05]} 18. Bb4 {[%emt 0:00:07]} Re8 {[%emt 0:00:10]} 19. h3 {[%emt 0:03:09]} Qa7 {[%emt 0:00:11]} 20. Rc3 {[%emt 0:00:08]} Rad8 {[%emt 0:00:32]} 21. Nc1 {[%emt 0:01:36]} d4 {[%emt 0:00:34]} 22. exd4 {[%emt 0:00:02]} e4 {[%emt 0:00:34]} 23. Nh2 {[%emt 0:01:20]} Nd5 {[%emt 0:00:03]} 24. Rb3 {[%emt 0:00:01]} Bxd4 {[%emt 0:00:31]} 25. Qe1 {[%emt 0:01:08]} Nc5 {[%emt 0:01:18]} 26. Bxc5 {[%emt 0:00:24]} Qxc5 {[%emt 0:00:02]} 27. c3 {[%emt 0:05:21]} Bg7 {[%emt 0:00:04]} 28. g3 {[%emt 0:03:01]} Re7 {[%emt 0:01:11]} 29. Ra3 {[%emt 0:00:47]} Qc8 {[%emt 0:01:12]} 30. h4 {[%emt 0:00:19]} f5 {[%emt 0:00:29]} 31. Nb3 {[%emt 0:00:36]} f4 {[%emt 0:00:02]} 32. Bg4 {[%emt 0:00:05]} Qc7 {[%emt 0:00:46]} 33. Nd4 {[%emt 0:00:06]} Rde8 {[%emt 0:00:01]} 34. gxf4 {[%emt 0:02:10]} Qxf4 {[%emt 0:00:05]} 35. Ne2 {[%emt 0:01:52]} Qc7 {[%emt 0:01:43]} 36. Bh3 {[%emt 0:00:28]} h5 {[%emt 0:01:33]} 37. Kg2 {[%emt 0:00:38]} Be5 {[%emt 0:00:32]} 38. Rh1 {[%emt 0:00:03]} Nf4+ {[%emt 0:00:40]} 39. Nxf4 {[%emt 0:00:06]} Bxf4 {[%emt 0:00:01]} 40. Qe2 {[%emt 0:00:33]} e3+ {[%emt 0:00:35]} 41. f3 {[%emt 0:00:01]} Bxh2 {[%emt 0:00:04]} 42. Rxh2 {[%emt 0:00:03]} Rd8 {[%emt 0:00:12]} 0-1

[Event "Shanghai COITCT 2019"]
[Site "Shanghai"]
[Date "2019.09.17"]
[Round "7.6"]
[White "Wen, Yang"]
[Black "Kulkarni Bhakti"]
[Result "1/2-1/2"]
[WhiteElo "2586"]
[BlackElo "2429"]
[Annotator "ChessBase"]
[PlyCount "99"]
[EventDate "2019.09.15"]
[EventType "team-tourn"]
[EventCountry "CHN"]
[SourceTitle "playchess.com"]
[Source "ChessBase"]
[SourceQuality "1"]
[TimeControl "1500+10"]

1. e4 {[%emt 0:00:02]} e5 {[%emt 0:00:00]} 2. Nf3 {[%emt 0:00:04]} Nc6 {[%emt 0:00:00]} 3. Bb5 {[%emt 0:00:29]} a6 {[%emt 0:00:17]} 4. Ba4 {[%emt 0:00:02]} Nf6 {[%emt 0:00:04]} 5. d3 {[%emt 0:00:02]} b5 {[%emt 0:00:23]} 6. Bb3 {[%emt 0:00:02]} Bc5 {[%emt 0:00:04]} 7. Nc3 {[%emt 0:00:16]} h6 {[%emt 0:00:37]} 8. Nd5 {[%emt 0:01:05]} d6 {[%emt 0:00:37]} 9. c3 {[%emt 0:00:13]} O-O {[%emt 0:00:10]} 10. Nxf6+ {[%emt 0:00:10]} Qxf6 {[%emt 0:00:10]} 11. Bd5 {[%emt 0:00:10]} Bd7 {[%emt 0:00:10]} 12. Rg1 {[%emt 0:00:10]} Qe7 {[%emt 0:00:10]} 13. g4 {[%emt 0:00:10]} Kh8 {[%emt 0:00:10]} 14. g5 {[%emt 0:00:10]} Rae8 {[%emt 0:00:10]} 15. Nh4 {[%emt 0:00:10]} g6 {[%emt 0:00:10]} 16. Nf5 {[%emt 0:00:10]} Bxf5 {[%emt 0:00:10]} 17. exf5 {[%emt 0:00:10]} Qd7 {[%emt 0:11:02]} 18. f6 {[%emt 0:03:28]} Qf5 {[%emt 0:00:10]} 19. Qf3 {[%emt 0:00:10]} Qxf3 {[%emt 0:00:10]} 20. Bxf3 {[%emt 0:06:43]} e4 21. dxe4 {[%emt 0:00:00]} d5 {[%emt 0:00:20]} 22. a4 {[%emt 0:00:00]} Ne5 {[%emt 0:00:30]} 23. Be2 {[%emt 0:00:00]} dxe4 {[%emt 0:00:07]} 24. Rg3 {[%emt 0:00:00]} Nd3+ {[%emt 0:01:15]} 25. Bxd3 {[%emt 0:00:00]} exd3+ {[%emt 0:00:02]} 26. Be3 {[%emt 0:00:00]} hxg5 {[%emt 0:00:54]} 27. axb5 {[%emt 0:00:00]} axb5 {[%emt 0:00:07]} 28. Kd2 {[%emt 0:00:00]} Bxe3+ {[%emt 0:00:15]} 29. fxe3 {[%emt 0:00:00]} Re6 {[%emt 0:00:11]} 30. Rf1 {[%emt 0:00:00]} Rfe8 {[%emt 0:00:17]} 31. Rff3 {[%emt 0:00:19]} Re5 {[%emt 0:00:16]} 32. b4 {[%emt 0:00:24]} c5 {[%emt 0:00:27]} 33. bxc5 {[%emt 0:00:06]} Rxc5 {[%emt 0:00:03]} 34. Rg4 {[%emt 0:00:02]} Rec8 {[%emt 0:00:22]} 35. Rb4 {[%emt 0:02:00]} Rxc3 {[%emt 0:00:20]} 36. Rxb5 {[%emt 0:00:01]} g4 {[%emt 0:00:39]} 37. Rf4 {[%emt 0:00:14]} Ra3 {[%emt 0:01:51]} 38. Rb2 {[%emt 0:00:03]} Rc2+ {[%emt 0:00:06]} 39. Rxc2 {[%emt 0:00:26]} dxc2 {[%emt 0:00:02]} 40. Rc4 {[%emt 0:00:14]} Ra6 {[%emt 0:00:23]} 41. Rxg4 {[%emt 0:00:14]} Rxf6 {[%emt 0:00:11]} 42. Rh4+ {[%emt 0:00:01]} Kg7 {[%emt 0:00:02]} 43. Kxc2 {[%emt 0:00:02]} Rd6 {[%emt 0:00:10]} 44. Rf4 {[%emt 0:00:17]} f5 {[%emt 0:00:13]} 45. e4 {[%emt 0:00:20]} Rd4 {[%emt 0:00:03]} 46. Kc3 {[%emt 0:00:02]} Ra4 {[%emt 0:00:57]} 47. Kd3 {[%emt 0:00:01]} Ra3+ {[%emt 0:00:18]} 48. Kd4 {[%emt 0:00:09]} Ra4+ {[%emt 0:00:05]} 49. Ke3 {[%emt 0:00:05]} Rxe4+ {[%emt 0:00:03]} 50. Rxe4 {[%emt 0:00:02]} 1/2-1/2

[Event "Shanghai COITCT 2019"]
[Site "Shanghai"]
[Date "2019.09.17"]
[Round "7.7"]
[White "Lodhi, Mahmood"]
[Black "Idani, Pouya"]
[Result "1/2-1/2"]
[WhiteElo "2349"]
[BlackElo "2586"]
[Annotator "ChessBase"]
[PlyCount "95"]
[EventDate "2019.09.15"]
[EventType "team-tourn"]
[EventCountry "CHN"]
[SourceTitle "playchess.com"]
[Source "ChessBase"]
[SourceQuality "1"]
[TimeControl "1500+10"]

1. d4 {[%emt 0:00:00]} Nf6 {[%emt 0:00:00]} 2. Nf3 {[%emt 0:00:00]} d5 {[%emt 0:00:07]} 3. g3 {[%emt 0:00:00]} e6 {[%emt 0:00:24]} 4. Bg2 {[%emt 0:00:00]} Be7 {[%emt 0:00:15]} 5. O-O {[%emt 0:00:00]} O-O {[%emt 0:00:01]} 6. c4 {[%emt 0:00:07]} dxc4 {[%emt 0:00:02]} 7. Qa4 {[%emt 0:00:37]} Qd5 {[%emt 0:00:06]} 8. Nc3 {[%emt 0:00:54]} Qc6 {[%emt 0:00:01]} 9. Qc2 {[%emt 0:00:23]} Qa6 {[%emt 0:00:01]} 10. a4 {[%emt 0:00:16]} c6 {[%emt 0:01:01]} 11. Bg5 {[%emt 0:00:26]} Nbd7 {[%emt 0:00:43]} 12. e4 {[%emt 0:00:18]} h6 {[%emt 0:00:10]} 13. Bxf6 {[%emt 0:00:39]} Bxf6 {[%emt 0:01:09]} 14. e5 {[%emt 0:00:11]} Be7 {[%emt 0:00:02]} 15. Ne4 {[%emt 0:00:29]} c5 {[%emt 0:02:03]} 16. dxc5 {[%emt 0:00:11]} Nxc5 {[%emt 0:00:01]} 17. Nxc5 {[%emt 0:00:27]} Bxc5 {[%emt 0:00:01]} 18. Rfc1 {[%emt 0:00:04]} Bd7 {[%emt 0:00:31]} 19. Qxc4 {[%emt 0:00:53]} Qxc4 {[%emt 0:00:06]} 20. Rxc4 {[%emt 0:00:01]} Rac8 {[%emt 0:00:01]} 21. Rac1 {[%emt 0:00:19]} b6 {[%emt 0:01:16]} 22. Ne1 {[%emt 0:02:05]} Rfd8 {[%emt 0:03:58]} 23. Nd3 {[%emt 0:02:04]} Bxa4 {[%emt 0:05:22]} 24. Nxc5 {[%emt 0:00:06]} Bb5 {[%emt 0:00:01]} 25. R4c2 {[%emt 0:04:20]} Rxc5 {[%emt 0:00:58]} 26. Rxc5 {[%emt 0:00:02]} bxc5 {[%emt 0:00:01]} 27. Bf1 {[%emt 0:00:25]} Bxf1 {[%emt 0:00:14]} 28. Kxf1 {[%emt 0:00:04]} Rd5 {[%emt 0:00:01]} 29. f4 {[%emt 0:00:03]} g5 {[%emt 0:00:02]} 30. Ke2 {[%emt 0:00:12]} Kg7 {[%emt 0:01:47]} 31. Ke3 {[%emt 0:00:17]} Kg6 {[%emt 0:00:13]} 32. Ra1 {[%emt 0:02:53]} Rd7 {[%emt 0:00:57]} 33. Ra5 {[%emt 0:00:24]} Rb7 {[%emt 0:00:53]} 34. Rxc5 {[%emt 0:00:18]} Rxb2 {[%emt 0:00:03]} 35. Ra5 {[%emt 0:00:02]} g4 {[%emt 0:00:42]} 36. Rxa7 {[%emt 0:00:56]} Rxh2 {[%emt 0:00:03]} 37. Ra6 {[%emt 0:01:13]} Rg2 {[%emt 0:01:01]} 38. Ke4 {[%emt 0:00:04]} Rxg3 {[%emt 0:00:58]} 39. f5+ {[%emt 0:00:02]} Kg5 {[%emt 0:00:01]} 40. fxe6 {[%emt 0:00:26]} fxe6 {[%emt 0:00:01]} 41. Rxe6 {[%emt 0:00:02]} Rg1 {[%emt 0:00:02]} 42. Ke3 {[%emt 0:00:25]} h5 {[%emt 0:00:13]} 43. Re8 {[%emt 0:00:17]} Re1+ {[%emt 0:00:24]} 44. Kf2 {[%emt 0:00:07]} Re4 {[%emt 0:00:04]} 45. e6 {[%emt 0:01:35]} h4 {[%emt 0:02:05]} 46. e7 {[%emt 0:00:09]} Kf6 {[%emt 0:00:54]} 47. Rh8 {[%emt 0:00:07]} g3+ {[%emt 0:00:54]} 48. Kf3 {[%emt 0:00:06]} 1/2-1/2

[Event "Shanghai COITCT 2019"]
[Site "Shanghai"]
[Date "2019.09.17"]
[Round "7.8"]
[White "Darini, Pouria"]
[Black "Khan, Mohd. Omer"]
[Result "1-0"]
[WhiteElo "2428"]
[BlackElo "2273"]
[Annotator "NA"]
[PlyCount "61"]
[EventDate "2019.09.15"]
[EventType "team-tourn"]
[EventCountry "CHN"]
[SourceTitle "playchess.com"]
[Source "ChessBase"]
[SourceQuality "1"]
[TimeControl "1500+10"]

1. e4 {[%emt 0:00:00]} c6 {[%emt 0:00:00]} 2. d4 {[%emt 0:00:08]} d5 {[%emt 0:00:00]} 3. e5 {[%emt 0:00:01]} Bf5 {[%emt 0:00:00]} 4. Nf3 {[%emt 0:00:06]} e6 {[%emt 0:00:09]} 5. Be2 {[%emt 0:00:02]} Nd7 {[%emt 0:00:10]} 6. O-O {[%emt 0:00:02]} Rc8 {[%emt 0:00:49]} 7. Nbd2 {[%emt 0:01:02]} c5 {[%emt 0:00:33]} 8. c3 {[%emt 0:00:10]} cxd4 {[%emt 0:00:24]} 9. Nxd4 {[%emt 0:00:01]} Bg6 {[%emt 0:00:04]} 10. N2f3 {[%emt 0:00:48]} Ne7 {[%emt 0:01:34]} 11. Bg5 {[%emt 0:00:27]} a6 {[%emt 0:00:18]} 12. Rc1 {[%emt 0:02:41]} Qb6 {[%emt 0:00:27]} 13. c4 {[%emt 0:02:21]} dxc4 {[%emt 0:03:16]} 14. Bxc4 {[%emt 0:00:57]} Qxb2 {[%emt 0:01:09]} 15. Nxe6 {[%emt 0:06:00]} fxe6 {[%emt 0:06:15]} 16. Bxe6 {[%emt 0:00:01]} Rd8 {[%emt 0:00:01]} 17. Qa4 {[%emt 0:05:39]} Qb5 {[%emt 0:01:19]} 18. Qf4 {[%emt 0:01:35]} Nc5 {[%emt 0:02:19]} 19. Bc4 {[%emt 0:00:01]} Qd7 {[%emt 0:03:22]} 20. e6 {[%emt 0:01:40]} Nxe6 {[%emt 0:01:43]} 21. Bxe6 {[%emt 0:00:09]} Qxe6 {[%emt 0:00:03]} 22. Rfe1 {[%emt 0:00:01]} Qd6 {[%emt 0:00:49]} 23. Ne5 {[%emt 0:00:48]} Qd4 {[%emt 0:01:18]} 24. Qf3 {[%emt 0:00:37]} Qd5 {[%emt 0:01:17]} 25. Qa3 {[%emt 0:00:04]} Qd6 {[%emt 0:00:05]} 26. Qb3 {[%emt 0:00:46]} Qd5 {[%emt 0:00:09]} 27. Qb4 {[%emt 0:00:38]} Qb5 {[%emt 0:00:19]} 28. Qh4 {[%emt 0:00:36]} Nf5 {[%emt 0:01:20]} 29. Nxg6+ {[%emt 0:00:20]} Kd7 {[%emt 0:00:15]} 30. Qe4 {[%emt 0:00:40]} hxg6 {[%emt 0:00:15]} 31. Qe6# 1-0

[Event "Shanghai COITCT 2019"]
[Site "Shanghai"]
[Date "2019.09.17"]
[Round "7.9"]
[White "Waqar, Ahmad Madni"]
[Black "Gholami, Aryan"]
[Result "0-1"]
[WhiteElo "1979"]
[BlackElo "2542"]
[Annotator "TA"]
[PlyCount "54"]
[EventDate "2019.09.15"]
[EventType "team-tourn"]
[EventCountry "CHN"]
[SourceTitle "playchess.com"]
[Source "ChessBase"]
[SourceQuality "1"]

{[%evp 15,54,13,23,17,17,-16,-10,-9,3,5,0,-52,-25,-37,-37,-34,-41,-149,-79,-388,-400,-358,-335,-541,-549,-562,-551,-559,-547,-612,-607,-966,-1426,-1350,-1322,-29990,-2152,-2072,-2048,-1721,-995]} 1. e4 c5 2. Nf3 e6 3. d4 cxd4 4. Nxd4 a6 5. c4 Nf6 6. Nc3 Bb4 7. Bd3 Nc6 8. Nxc6 dxc6 9. Qc2 {B41: Sicilian: Kan Variation: 5 c4} (9. O-O e5 10. Qe2 O-O 11. a3 Bc5 12. Be3 Bd4 13. Bxd4 exd4 14. Na4 Re8 15. b4 a5 16. c5 axb4 17. axb4 Bg4 {½-½ (26) Corrales Jimenez,F (2559)-Caruana,F (2828) chess.com INT 2019}) 9... e5 10. Bg5 h6 11. Bh4 {The position is equal.} Qe7 12. a3 Bc5 13. h3 $146 (13. b4 $11 Bd4 14. Rb1) ({Predecessor:} 13. Be2 O-O 14. Na4 Bd4 15. c5 Be6 16. Rd1 Rad8 {0-1 (30) Crabbendam,H-Van Scheltinga,T Utrecht 1957}) 13... a5 14. Na4 Bd4 15. c5 Be6 16. Rc1 (16. O-O-O $15) 16... Rd8 (16... g5 $142 $1 {[%cal Rg5h4]} 17. Bg3 Nh5) 17. O-O $2 {[%mdl 8192] [#]} (17. Be2 $17 {is a better chance.}) 17... g5 $1 $19 18. Bg3 h5 19. b4 $2 (19. Bh2 h4 20. Be2) 19... axb4 20. axb4 h4 21. Bh2 g4 22. hxg4 Nxg4 23. Bc4 Bxc4 24. Qxc4 Qg5 25. Rcd1 Rg8 (25... Bxf2+ $142 26. Kh1 Rxd1 27. Rxd1 {[#]} Ne3 $1 {[%mdl 576] Double Attack, Discovered Attack} 28. Rd8+ {[%mdl 64] Decoy} Kxd8 29. Qd3+ Ke8 30. Qxe3 Bxe3 31. Nc3 h3 32. g3 Qf6 33. Bg1 Qf3+ {[%mdl 64] Double Attack} 34. Kh2 Qg2#) 26. Rxd4 Rxd4 27. Qc1 {[#]} Qg6 {Played: Ng4-e3} 0-1

[Event "Shanghai COITCT 2019"]
[Site "Shanghai"]
[Date "2019.09.17"]
[Round "7.10"]
[White "Zvjaginsev, Vadim"]
[Black "Kovalev, Vladislav"]
[Result "1/2-1/2"]
[WhiteElo "2644"]
[BlackElo "2661"]
[Annotator "TA"]
[PlyCount "165"]
[EventDate "2019.09.15"]
[EventType "team-tourn"]
[EventCountry "CHN"]
[SourceTitle "playchess.com"]
[Source "ChessBase"]
[SourceQuality "1"]

{[%evp 9,165,0,2,0,0,0,8,8,16,5,10,20,20,-9,0,0,-2,-4,2,-17,29,11,62,61,61,62,54,57,63,57,50,49,124,126,149,152,150,148,146,52,64,43,41,11,2,4,43,49,53,0,45,45,46,44,52,44,42,33,72,67,103,102,103,103,92,92,92,93,102,104,104,104,102,79,83,69,79,79,85,92,131,8,8,8,8,8,8,8,19,8,8,0,8,8,8,8,8,8,8,8,8,8,8,8,8,0,8,0,8,8,8,0,8,8,8,8,8,8,13,0,8,8,8,8,8,8,8,0,8,0,11,12,12,12,18,0,0,0,47,59,59,0,59,8,35,8,59,59,83,8,59,59,59,59,59,0,0,-6]} 1. e4 e5 2. Nf3 Nc6 3. g3 Nf6 4. d3 Bc5 5. Bg2 d6 6. c3 {C44: Ponziani Opening and Scotch Gambit} (6. O-O O-O 7. c3 a5 8. Re1 Re8 9. h3 h6 10. d4 Ba7 11. Be3 exd4 12. Nxd4 Ne5 13. Nc2 Bxe3 14. Nxe3 {½-½ (57) Duda,J (2729)-Anand,V (2764) Paris 2019}) 6... a6 7. O-O h6 8. a4 a5 $146 ({Predecessor:} 8... O-O 9. b4 Ba7 10. Nbd2 Bd7 11. Nc4 Re8 12. Be3 Bxe3 13. Nxe3 {1-0 (72) Goebel,M (1820)-Kowalczyk,F (1762) Ruhrgebiet 2004}) 9. Na3 O-O 10. Nc2 Ba7 11. h3 Be6 12. Be3 Bxe3 13. Nxe3 Qd7 14. Kh2 Rad8 15. d4 {aiming for d5.} exd4 ({Better is} 15... d5 $11) 16. Nxd4 $14 Rfe8 17. Re1 Qc8 18. Qc2 Bd7 19. Rad1 Re5 20. f4 Rc5 (20... Ree8 $14) 21. Qd2 $16 Re8 {[#]} 22. e5 $1 {[%mdl 512]} Nxe5 (22... dxe5 23. Nb3) 23. fxe5 Rcxe5 24. g4 (24. Nc4 $16 Rxe1 25. Rxe1) 24... Bxa4 $14 25. b3 Bd7 26. Nc4 Rxe1 27. Rxe1 b6 28. Ne3 Re5 29. Nc4 Re8 30. Rxe8+ Qxe8 31. Qe3 Kf8 32. Qxe8+ Kxe8 33. Kg3 Ke7 34. Ne3 g6 35. c4 a4 36. bxa4 Bxa4 37. Nd5+ Nxd5 38. cxd5 b5 39. Nc6+ Kf6 40. Kf4 Bb3 41. Be4 Bc4 42. h4 g5+ 43. hxg5+ hxg5+ 44. Ke3 Bb3 {[#]} 45. Kd4 ({White should play} 45. Bf3 $1 $16) 45... Bd1 $11 46. Bf5 Bf3 47. Nb4 Ke7 48. Ke3 Bd1 $1 49. Ke4 Be2 50. Kd4 Bf3 51. Kd3 Bd1 52. Na6 Kd8 $1 53. Ke3 Bb3 54. Kd4 Bd1 $1 55. Nb4 Ke7 56. Nc6+ Kf6 57. Nb4 Ke7 58. Na6 Kd8 59. Nb8 Ke7 60. Nc6+ Kf6 61. Bd7 Bf3 62. Bc8 Bd1 63. Nb4 Ke7 64. Ke3 Kf6 65. Ke4 Be2 66. Na6 Bd1 $1 67. Kd4 Ke7 $1 68. Bf5 Kd8 69. Ke3 Bb3 70. Nb4 {Black should prevent Bd3.} Ke7 71. Ke4 Bd1 72. Bc8 {Black must now prevent Kf5.} Kd8 73. Bf5 Ke7 74. Kd3 Bf3 75. Ke3 Bd1 $1 76. Na6 (76. Nd3 $14) 76... Kd8 77. Kf2 Bb3 (77... Ke7 $1 $11) 78. Nb4 $14 Ke7 79. Bd3 ({White should try} 79. Be4 $16) 79... Bd1 (79... Kf6 $1 $11) 80. Kg3 Ba4 81. Be2 Kf6 82. Na6 (82. Nc6 $14) 82... Ke5 $11 83. Kf3 {Accuracy: White = 55%, Black = 69%.} 1/2-1/2